000 00839nas a2200265 454500
001 31581
005 20260407193508.0
008 260407s2002####ag###########|||spa#d
003 AR-UNSa-BCEJYS
040 _aAR-UNSa-BCEJYS
_bspa
_cAR-UNSa-BCEJYS
080 _a369
_xSeguridad social
245 1 0 _aInforme trimestral
264 1 _aBuenos Aires :
_bINARSS
_c2002
505 _aFerecuencia: Trimestral
041 _aspa
942 _cSER
590 _aniveau_biblio:s niveau_hierar:1
100 1 _aDomeniconi, Héctor
700 1 _aInstituto Nacional de los Recursos de la Seguridad Social (INARSS)
650 _aSeguridad social
650 _aPolítica social
650 _aSalario
650 _aTRABAJADORES
856 4 1 _uhttps://biblioeco.unsa.edu.ar/pmb/images/revistas/Informe trimestal-r15247.jpg
_yImagen de portada
_qimage/jpeg
999 _c8712
_d8712